000 008420000a22002290004500
090 _aAR
_b01888
245 1 0 _aCharacterization of mitochondrial DNA variability in a hybrid swarm between subspecies of bluegill sunfish (<Lepomis Macrochirus>)
650 1 4 _aGenética
_992806
650 1 4 _aTaxonomía animal
_98245
650 1 4 _aEspecies híbridas
_995147
651 4 _dFlorida
_pEstados Unidos
_992749
651 4 _dMississippi
_pEstados Unidos
_992749
651 4 _dGeorgia
_pEstados Unidos
_992749
653 _gLepomis
_eLepomis macrochirus
041 0 _aInglés
700 1 _aBermingham, Eldredge
_995340
700 1 _aKessler, Louis G.
_995341
700 1 _aSaunders, Nancy C.
_995342
100 1 _aAvise, John C.
_97374
942 _cARTICULO
773 1 _tEvolution: International Journal of Organic Evolution
_311
_h5
_q931-941
_d1984
_g38
999 _c10965
_d10965